00337pab a2200133 454500008004000000100001600040245004500056260000900101300001200110362001200122650003700134650001400171773001800185180718b1999 xxu||||| |||| 00| 0 eng d aAnand, A.S. aThe Indian judiciary in the 21st century c1999 ap.61-78 aMonsoon aJudiciary - India - 21st century aJudiciary aIIC Quarterly